LEADER 00592naa a2200145 i 4500 001 000000295015 003 CaOOAMICUS 005 20180831172518.0 008 180831n xx u000 u und u 013 $a2314 040 $aSeMil$bita 100 1 $aNiewiadomski, Józef.$0(OLS)http://semarc/name/85203 245 10$aBegegnung von Religionen im weltzivilisatorischen Kontext. 773 0 $tChristus allein?.$dFreiburg ; Basel ; Wien : Herder, 1996.$kQuaestiones disputatae $z3-451-02160-9$w()46314 996 $6245$aBegegnung von Religionen im weltzivilisatorischen Kontext$9(OLS)http://semarc/title/371085 LEADER 00651naa a2200145 i 4500 001 000000295427 003 CaOOAMICUS 005 20180831172525.0 008 180831n xx u000 u und u 013 $a2722 040 $aSeMil$bita 100 1 $aImkamp, Wilhelm.$0(OLS)http://semarc/name/85294 245 15$aEine deutsche Diskussion über das hl. Meßopfer im Schatten des Modernismus. 773 0 $tMiscellanea Brunero Gherardini.$d[Roma] : Pontificia Accademia Romana di S. Tommaso e di Religione Cattolica, 1996.$kStudi tomistici$w()46949 996 $6245$aEine deutsche Diskussion über das hl. Meßopfer im Schatten des Modernismus$9(OLS)http://semarc/title/371487